Trouver l'animal derrière le nom du véhicule - Statistiques

Statistiques générales
  • Ce quiz a été pris 97 fois
  • Le résultat moyen est 5 sur 16
Statistiques - réponses
Par images Hint Réponse % Correct
Volkswagen Beetle (Coccinelle)
79%
Fiat Panda
72%
Renault Kangoo (kangourou)
70%
Ford Mustang
62%
Shelby Cobra
42%
Dodge Viper (vipère)
37%
Porsche Cayman
34%
Ford Raptor (vélociraptor)
33%
Lamborghini Murcielago (chauve-souris)
26%
Ferrari Purosangue (pursang)
23%
Pontiac Firebird (phoenix)
16%
Volkswagen Lupo (loup)
15%
Chevrolet Impala
12%
Nissan S-Cargo (escargot)
8%
Toyota Dolphin (dauphin)
7%
Suzuki Lapin
7%
Aucun quiz correspondant
Distribution des résultats
% des personnes avec chaque résultat
Percentile par nombre de réponses
Votre historique - résultats
Vous n’avez pas pris ce quiz